LEADER 04705oam 2200853I 450 001 9910786058803321 005 20230617023035.0 010 $a1-136-77294-4 010 $a0-429-23752-9 010 $a1-136-77295-2 010 $a1-283-96880-0 010 $a0-203-82355-9 024 7 $a10.4324/9780203823552 035 $a(CKB)2670000000326314 035 $a(EBL)801741 035 $a(OCoLC)826486862 035 $a(SSID)ssj0000820067 035 $a(PQKBManifestationID)11470569 035 $a(PQKBTitleCode)TC0000820067 035 $a(PQKBWorkID)10857516 035 $a(PQKB)11210501 035 $a(OCoLC)828737694 035 $a(MiAaPQ)EBC801741 035 $a(Au-PeEL)EBL801741 035 $a(CaPaEBR)ebr10647746 035 $a(CaONFJC)MIL428130 035 $a(OCoLC)607578532 035 $a(EXLCZ)992670000000326314 100 $a20180706d2005 uy 0 101 0 $aeng 135 $aur|n|---||||| 181 $ctxt 182 $cc 183 $acr 200 00$aManaging digital resources in libraries /$fAudrey Fenner, editor 210 1$aBinghamton, N.Y. :$cHaworth Information Press,$d2005. 215 $a1 online resource (199 p.) 300 $a"Managing Digital Resources in Libraries has been co-published simultaneously as The acquisitions librarian, numbers 33/34 2005." 311 $a0-7890-2403-9 311 $a0-7890-2402-0 320 $aIncludes bibliographical references and index. 327 $aCover; Managing digital Resources in Libraries; Copyright; Contents; About the Editor; Introduction: Managing Digital Resources; Licensing; The Impact of Licenses on Library Collections; Travels into Several Remote Corners of the Information Universe: a Voyage to the Department of the Houyhnhnmists, Or, Licensing Issues and the Integrated Collection; Opinions, Research, and Analysis; Harvesting for Disseminating: Open Archives and the Role of Academic Libraries; The Electronic Librarian: Inching Towards the Revolution 327 $aThe Method Behind the Madness: Acquiring Online Journals and a Solution to Provide AccessSystems and Software; Choices in Cataloging Electronic Journals; Elin@: Electronic Library Information Navigator- Towards the "one Stop Shop"; Western Michigan University Libraries' "electronic Journal Finder"; Integrating Print and Electronic Resources: Joyner Library's "pirate Source"; Electronic Journals in Aggregated Collections: Providing Access Through the Catalog and a Cold Fusion Database; Special Projects and Histories 327 $aJust Another Format: Integrating Resources for Users of Personal Digital AssistantsIssues in the Development of an All-digital Public Health Library in Michigan: the Michigan Community Health Electronic Library; Electronic Collection Management: Completing the Cycle- Experiences at Two Libraries; Index 330 $aAdvice from the experts?on collecting and managing the digital resources that are an increasingly vital part of librarianship! Managing Digital Resources in Libraries is a practical guide to managing library materials in digital formats. Working librarians share their expertise in the acquisition and management of digital resources, addressing questions of licensing, funding, and providing access. The contributors also examine innovative projects and systems, such as the integration of PDA-accessible resources into a library collection and the development of all-digital libraries. You 606 $aDigital libraries 606 $aLibraries$xSpecial collections$xElectronic information resources 606 $aElectronic information resources 606 $aLibraries$xSpecial collections$xElectronic journals 606 $aElectronic journals 606 $aLibraries and electronic publishing 606 $aCopyright$xElectronic information resources$zUnited States 606 $aLicense agreements 606 $aDigital libraries$vCase studies 615 0$aDigital libraries. 615 0$aLibraries$xSpecial collections$xElectronic information resources. 615 0$aElectronic information resources. 615 0$aLibraries$xSpecial collections$xElectronic journals. 615 0$aElectronic journals. 615 0$aLibraries and electronic publishing. 615 0$aCopyright$xElectronic information resources 615 0$aLicense agreements. 615 0$aDigital libraries 676 $a025.00285 676 $a025.17/4 676 $a025.174 701 $aFenner$b Audrey$01506678 801 0$bMiAaPQ 801 1$bMiAaPQ 801 2$bMiAaPQ 906 $aBOOK 912 $a9910786058803321 996 $aManaging digital resources in libraries$93737041 997 $aUNINA LEADER 04277nam 22007935 450 001 9911010524503321 005 20260119175956.0 010 $a3-031-89642-4 024 7 $a10.1007/978-3-031-89642-2 035 $a(CKB)39331430700041 035 $a(DE-He213)978-3-031-89642-2 035 $a(MiAaPQ)EBC32223138 035 $a(Au-PeEL)EBL32223138 035 $a(EXLCZ)9939331430700041 100 $a20250617d2025 u| 0 101 0 $aeng 135 $aur||||||||||| 181 $ctxt$2rdacontent 182 $cc$2rdamedia 183 $acr$2rdacarrier 200 10$aCritical Thinking for Global Citizenship Education $eA Conceptual Framework /$fby Brighid Golden 205 $a1st ed. 2025. 210 1$aCham :$cSpringer Nature Switzerland :$cImprint: Palgrave Macmillan,$d2025. 215 $a1 online resource (XVII, 171 p. 10 illus., 3 illus. in color.) 225 1 $aPalgrave Studies in Global Citizenship Education and Democracy,$x2946-272X 311 08$a3-031-89641-6 327 $aChapter 1: Critical Global Learning: Learning to Unlearn -- Chapter 2: Critiquing Critical Thinking -- Chapter 3: Developing a Conceptual Framework for Critical Global Learning -- Chapter 4: A Model for Teaching Critical Global Learning -- Chapter 5: A Planning Tool for Implementing Critical Global Learning -- Chapter 6: Tensions in Teaching Critical Global Learning -- Chapter 7: Developing a Discussion Culture. 330 $aThis open access book shares a two-part conceptual framework for critical global learning which weaves together theory and practice. The author shares the outcomes of her research and experiences developing students? critical thinking skills within the context of global citizenship education. While rooted in literature and research findings, the book is personal and reflexive, as the author shares her experiences as a teacher trying, and sometimes failing, to support critical thinking development which allows readers to reflect on their own practice. The book will be of interest to academics working in higher education, initial teacher education, and global citizenship education. Brighid Golden is Assistant Professor in Global Citizenship Education at Mary Immaculate College (MIC), Ireland. Brighid teaches, researches, and publishes in the areas of global citizenship education, critical thinking, resource development, initial teacher education and self-study research approaches. She is the editor of Global Citizenship Education: Curious Teachers, Critical Classrooms (2023), a recent open-access book from the DICE Project, and the host of the podcast series Curious and Critical GCE on Spotify. Brighid has represented MIC in the national DICE Project network since 2014. 410 0$aPalgrave Studies in Global Citizenship Education and Democracy,$x2946-272X 606 $aEducation, Higher 606 $aCitizenship$xStudy and teaching 606 $aTeachers$xTraining of 606 $aCritical thinking 606 $aAbility 606 $aHigher Education 606 $aCitizenship Education 606 $aTeaching and Teacher Education 606 $aCritical Thinking 606 $aSkills 606 $aPensament crític$2thub 606 $aEducació en valors$2thub 606 $aJustícia social$2thub 606 $aEducació intercultural$2thub 606 $aEducació cívica$2thub 608 $aLlibres electrònics$2thub 615 0$aEducation, Higher. 615 0$aCitizenship$xStudy and teaching. 615 0$aTeachers$xTraining of. 615 0$aCritical thinking. 615 0$aAbility. 615 14$aHigher Education. 615 24$aCitizenship Education. 615 24$aTeaching and Teacher Education. 615 24$aCritical Thinking. 615 24$aSkills. 615 7$aPensament crític 615 7$aEducació en valors 615 7$aJustícia social 615 7$aEducació intercultural 615 7$aEducació cívica 676 $a378 700 $aGolden$b Brighid$4aut$4http://id.loc.gov/vocabulary/relators/aut$01831334 801 0$bMiAaPQ 801 1$bMiAaPQ 801 2$bMiAaPQ 906 $aBOOK 912 $a9911010524503321 996 $aCritical Thinking for Global Citizenship Education$94403533 997 $aUNINA